Estadísticas para Prueba de Colombia

Haz click aquí para tomar la prueba!

Estadísticas generales

  • Esta prueba ha sido tomada 908 veces
  • La puntuación promedio es 15 de 17

Estadísticas de respuestas

PistaRespuesta% Correcto
Idioma oficialEspañol
100%
Países que limitan con ColombiaVenezuela
100%
Capital de ColombiaBogotá
99%
Países que limitan con ColombiaEcuador
99%
Países que limitan con ColombiaBrasil
98%
Países que limitan con ColombiaPerú
98%
Países que limitan con ColombiaPanamá
97%
MonedaPeso
97%
Famoso señor de la droga de esa ciudad que, antes de
su muerte, tenía un valor de 30 mil millones de dólares
Pablo Escobar
92%
La segunda ciudad más pobladaMedellín
90%
El noreste de Colombia bordea este marMar Caribe
88%
El primer presidente de ese país,
conocido como "El Libertador"
Simón Bolívar
87%
El autor de "Cien años de soledad", ganador del Premio Nobel.Gabriel García
Márquez
84%
Cantante de "Hips Don't Lie"Shakira
82%
La tercera ciudad más pobladaCali
79%
Antiguo país (1819-1830) estaba
compuesto por Colombia y sus vecinos
{Gran} Colombia
77%
Colombia obtiene más ____ que
cualquier país del mundo, 324 cm por año
Lluvia
67%

Distribución de puntuación

Porcentaje por número respondido

Porcentaje de gente con cada puntuación

Historial de tus puntuaciones

No has tomado esta prueba